[Event "Copenhagen OBRO"]
[Site "Copenhagen"]
[Date "1993.??.??"]
[Round "7"]
[White "Hansen, Sune Berg"]
[Black "Kristensen, Kaare"]
[Result "1/2-1/2"]
[WhiteElo "2405"]
[BlackElo "2295"]

1.e4 c5 2.Nf3 d6 3.Bb5+ Nc6 4.O-O Bd7 5.Re1 Nf6 6.c3 e6 7.d4 a6 8.Bxc6 Bxc6
9.d5 Bd7 10.e5 Nxd5 11.Bg5 Qb8 12.exd6 Qxd6 13.Na3 Nb6 14.Qe2 f6 15.Rad1 Qc7
16.Bh4 Be7 17.Bg3 Qc6 18.Nh4 O-O 19.Nc4 Nxc4 20.Qxc4 g6 21.Rd2 Rad8 22.Red1 Bc8
23.Qg4 e5 24.Nxg6 hxg6 25.Qxg6+ Kh8 26.Qh6+ Kg8 27.Qg6+ Kh8 28.Qh6+ Kg8  1/2-1/2

[Event "Copenhagen OBRO"]
[Site "Copenhagen"]
[Date "1993.??.??"]
[Round "7"]
[White "Brynell, Stellan"]
[Black "Jirovsky, Milos"]
[Result "1-0"]
[WhiteElo "2470"]
[BlackElo "2420"]

1.e4 c5 2.Nf3 d6 3.Bb5+ Bd7 4.Bxd7+ Qxd7 5.O-O Nf6 6.e5 dxe5 7.Nxe5 Qc7 8.d4 cxd4
9.Qxd4 Nc6 10.Nxc6 Qxc6 11.Bg5 Ne4 12.Bh4 h5 13.Na3 Rd8 14.Qxa7 g5 15.Rad1 Nd2
16.Qa5 Rd5 17.Qa8+ Kd7 18.c4 Rd6 19.Bg3 h4 20.Bxd6 h3 21.f3 hxg2 22.Rf2 Bg7
23.Qa5 exd6 24.Rdxd2  1-0

[Event "Copenhagen OBRO"]
[Site "Copenhagen"]
[Date "1993.??.??"]
[Round "8"]
[White "Brynell, Stellan"]
[Black "Kristensen, Kaare"]
[Result "1-0"]
[WhiteElo "2470"]
[BlackElo "2295"]

1.e4 c5 2.Nf3 d6 3.Bb5+ Nc6 4.O-O Bd7 5.Re1 Nf6 6.c3 a6 7.Bf1 Bg4 8.d3 e6
9.Nbd2 Be7 10.h3 Bh5 11.g4 Bg6 12.Nh4 Nd7 13.Nxg6 hxg6 14.f4 g5 15.f5 Nde5
16.Nf3 Bf6 17.Be3 Nxf3+ 18.Qxf3 Qe7 19.Qf2 O-O 20.Rad1 b5 21.Bg2 Rac8 22.Qd2 Rfd8
23.Rf1 Ne5 24.b3 g6 25.d4 cxd4 26.cxd4 Nc6 27.h4 gxh4 28.g5 Bh8 29.f6 Qe8
30.Rf4 h3 31.Bxh3 e5 32.Rh4 exd4 33.Qh2 Ne5 34.Bg2  1-0

[Event "Copenhagen op15"]
[Site "Copenhagen"]
[Date "1993.??.??"]
[Round "8"]
[White "Fries Nielsen, Jens Ove"]
[Black "Borge, Nikolaj"]
[Result "1/2-1/2"]
[WhiteElo "2400"]
[BlackElo "2410"]

1.e4 c5 2.Nf3 d6 3.Bb5+ Nc6 4.O-O Bd7 5.c4 Nf6 6.Nc3 e6 7.d4 cxd4 8.Nxd4 Be7
9.b3 O-O 10.Bb2 a6 11.Bxc6 bxc6 12.Nde2 a5 13.Ng3 Qb6 14.Na4 Qa7 15.c5 dxc5
16.e5 Nd5 17.Nh5 Kh8 18.Rc1 Rad8 19.Qg4 Rg8 20.Qf3 Be8 21.Rfd1 Rb8 22.Ng3 c4
23.Rxc4 c5 24.Nc3  1/2-1/2

[Event "CUB-ch"]
[Site "?"]
[Date "1993.??.??"]
[Round "1"]
[White "De la Paz, Frank"]
[Black "Leyva, Hector"]
[Result "1-0"]
[WhiteElo "2210"]
[BlackElo "2355"]

1.e4 c5 2.Nf3 d6 3.Bb5+ Nc6 4.O-O Bd7 5.c3 a6 6.Bxc6 Bxc6 7.Re1 e5 8.d4 Qc7
9.Nbd2 b5 10.Nf1 Nf6 11.Ng3 g6 12.Nh4 Be7 13.f4 Nh5 14.Nhf5 Nxf4 15.Nxe7 Qxe7
16.dxe5 dxe5 17.Bxf4 exf4 18.Nf5 Qe5 19.Nd6+ Kf8 20.Re2 Ra7 21.Rd2 Rd7 22.Rd3 Rg8
23.Qd2 Ke7 24.Rd1 Rgd8 25.Nc8+ Kf8 26.Rd6 Rxd6 27.Nxd6 Ke7 28.Nf5+ gxf5 29.Qxd8+ Ke6
30.Qc8+ Kf6 31.Qxc6+ Kg5 32.exf5 Qe2 33.Qf3 Qxb2 34.h3 Qxa2 35.Qg4+ Kf6 36.Qxf4 Qe2
37.Qf3 Qe5 38.Qc6+ Kg5 39.Qf3 Kf6 40.Rd5 Qe1+  1-0

[Event "CUB-ch"]
[Site "?"]
[Date "1993.??.??"]
[Round "9"]
[White "De la Paz, Frank"]
[Black "Hernandez, Alberto"]
[Result "1/2-1/2"]
[WhiteElo "2210"]
[BlackElo "2330"]

1.e4 c5 2.Nf3 d6 3.Bb5+ Nd7 4.O-O a6 5.Bxd7+ Bxd7 6.c3 e6 7.d4 Ne7 8.Nbd2 Ng6
9.Re1 Be7 10.Nf1 O-O 11.Ng3 b5 12.Nh5 Rc8 13.Be3 f5 14.exf5 exf5 15.dxc5 dxc5
16.Qd5+ Kh8 17.Ne5 Be8 18.Nxg6+ hxg6 19.Nf4 Qxd5 20.Nxd5 Bd6 21.Bf4 Bxf4
22.Nxf4 Bf7 23.Nd3 Rfd8 24.Ne5 Be8 25.Rad1 g5 26.f3 c4 27.Kf2 g6 28.Ke3  1/2-1/2

[Event "Cuxhaven op"]
[Site "Cuxhaven"]
[Date "1993.??.??"]
[Round "6"]
[White "Slobodjan, Roman"]
[Black "Dokhoian, Yury"]
[Result "0-1"]
[WhiteElo "2435"]
[BlackElo "2550"]

1.e4 c5 2.Nf3 d6 3.Bb5+ Nd7 4.d4 Nf6 5.Nc3 a6 6.Bxd7+ Nxd7 7.O-O cxd4 8.Qxd4 e6
9.Re1 f6 10.Be3 Be7 11.Rad1 O-O 12.Nd2 b5 13.Nd5 Nc5 14.Nxe7+ Qxe7 15.Nb3 Nxb3
16.axb3 Rd8 17.c4 e5 18.Qd3 Be6 19.Bb6 Rd7 20.Ba5 Rb8 21.Ra1 bxc4 22.bxc4 Rxb2
23.Red1 h6 24.Qa3 Rc2 25.Bb4 Bxc4 26.Bxd6 Qe6 27.h3 Re2 28.Bc5 Rxe4 29.Qa4 Bd3
30.Qa3 Qd5 31.Ra2 Rc4 32.Be3 Rc6 33.Rb2 Rc8 34.Rb6 f5 35.Rxa6 f4 36.Ba7 e4
37.Ra5 Qe6 38.Qb2 Kh7 39.Re1 Rc2 40.Qe5 e3 41.Qxf4 exf2+ 42.Bxf2 Rf7 43.Qg3 Qb3
44.Bd4 Be4 45.Bf2 Qxg3 46.Bxg3 Rxg2+ 47.Kh1 Rf1+  0-1

[Event "CZE-ch (Women)"]
[Site "?"]
[Date "1993.??.??"]
[Round "?"]
[White "Hallerova, Eva"]
[Black "Kubikova, Hana"]
[Result "1/2-1/2"]
[WhiteElo "2225"]
[BlackElo "2225"]

1.e4 c5 2.Nf3 d6 3.Bb5+ Bd7 4.Bxd7+ Nxd7 5.O-O Ngf6 6.Re1 e6 7.c3 Be7 8.d4 cxd4
9.cxd4 O-O 10.Nc3 a6 11.a4 Qc7  1/2-1/2

[Event "CZE-ch"]
[Site "?"]
[Date "1993.??.??"]
[Round "2"]
[White "Sosna, Jan"]
[Black "Neumann, Peter"]
[Result "1-0"]
[WhiteElo "2375"]
[BlackElo "2190"]

1.e4 c5 2.Nf3 d6 3.Bb5+ Nd7 4.d4 cxd4 5.Qxd4 a6 6.Bxd7+ Bxd7 7.Nc3 e6 8.Bg5 Qc7
9.O-O h6 10.Bh4 Ne7 11.Bxe7 Kxe7 12.Rad1 Rd8 13.Qe3 f6 14.Nd4 Kf7 15.Kh1 Qc5
16.Qe2 b5 17.a3 Qc4 18.Qd2 Be7 19.f4 g6 20.f5 gxf5 21.exf5 e5 22.Ne6 Bxe6
23.fxe6+ Qxe6 24.Nd5 Rc8 25.Qe2 h5 26.Rf3 Rc4 27.Ne3 Re4 28.Qd3 Rd4 29.Qe2 d5
30.Rdf1 Rf4 31.Qd1 Rxf3 32.Rxf3 d4 33.Nf5 Bf8 34.Qe2 Qa2 35.h3 Qxb2 36.Qe4 Qc1+
37.Kh2 Qg5 38.Qb7+ Kg6 39.Rg3 Kxf5 40.Rxg5+ Kxg5 41.Qxa6 Be7 42.Qb7 Rh7 43.Kg3 Kh6
44.Qa6 Rf7 45.Kf3 Kg7 46.Ke4 Bc5 47.Kf5 Bf8 48.Qxb5 Bxa3 49.Qe2 Rc7 50.Qxh5 Rxc2
51.Qg6+ Kf8 52.Qxf6+ Kg8 53.Qd8+ Kf7 54.Qd5+ Kf8 55.Qa8+  1-0

[Event "CZE-ch"]
[Site "?"]
[Date "1993.??.??"]
[Round "4"]
[White "Sosna, Jan"]
[Black "Oral, Tomas"]
[Result "0-1"]
[WhiteElo "2375"]
[BlackElo "2335"]

1.e4 c5 2.Nf3 d6 3.Bb5+ Bd7 4.Bxd7+ Nxd7 5.d4 g6 6.O-O Bg7 7.Nc3 cxd4 8.Nxd4 Ngf6
9.Be3 O-O 10.f4 Nb6 11.Kh1 Nc4 12.Bg1 e5 13.Nf3 exf4 14.Qd3 Nxb2 15.Qb5 Qc8
16.e5 Qxc3 17.Bd4 Qc4 18.Qxb2 Nd5 19.Qxb7 Ne3 20.Rfe1 Nxc2 21.Rac1 Qa4 22.Re4 Nxd4
23.Rxd4 Qa3 24.Rc7 Rab8 25.Qe4 dxe5 26.Rdd7 Qxa2 27.h4 Rb1+ 28.Kh2 Qa1 29.Kh3 Rh1+
30.Kg4 Qa2 31.Nd2 f5+  0-1

[Event "CZE-ch"]
[Site "?"]
[Date "1993.??.??"]
[Round "10"]
[White "Fuksik, Jakub"]
[Black "Vavruska, David"]
[Result "1/2-1/2"]
[WhiteElo "2210"]
[BlackElo "2280"]

1.e4 c5 2.Nf3 d6 3.Bb5+ Nc6 4.Bxc6+ bxc6 5.O-O e5 6.c3 Bg4 7.d3 Be7 8.Nbd2 Nf6
9.h3 Bh5 10.Qa4 Qc7 11.Re1 O-O 12.d4 exd4 13.cxd4 Nd7 14.dxc5 Nxc5 15.Qc4 Ne6
16.Qc3 Rfe8 17.Nc4 Rac8 18.b3 d5 19.Ncd2 Qb6 20.Bb2 Bb4 21.Qe3 Bxf3 22.Nxf3 Bxe1
23.Qxe1 f6 24.e5 f5 25.Qd2 Rf8 26.Ba3 Rf7 27.Rc1 Qb7 28.Nd4 Qd7 29.Nxe6 Qxe6
30.Qd4 f4 31.f3 g5 32.Bc5 Qd7 33.Bd6 h5 34.Re1 Re8 35.Qd3 Rg7 36.Qd2 Rf7
37.Qd3 Rg7 38.Qd2 Qf5 39.Rc1 Rc8 40.Rxc6 Rxc6 41.Qxd5+ Kh7 42.Qxc6 g4 43.hxg4 hxg4
44.fxg4 Rxg4 45.Kf2 Rg7 46.e6 Qxe6  1/2-1/2

[Event "Debrecen-C"]
[Site "Debrecen"]
[Date "1993.??.??"]
[Round "2"]
[White "Katona, Marton"]
[Black "Gal, Jozsef"]
[Result "1/2-1/2"]
[WhiteElo "2255"]
[BlackElo "2285"]

1.e4 c5 2.Nf3 d6 3.Bb5+ Bd7 4.Bxd7+ Qxd7 5.c4 Nc6 6.d4 cxd4 7.Nxd4 g6 8.O-O Bg7
9.Be3 Nf6 10.f3 O-O 11.Nc3 Rfc8 12.b3 Rab8 13.Rc1 a6 14.Nxc6 bxc6 15.Qd2 Rd8
16.Rfd1 Qc7 17.Qf2 Nd7 18.Bd4 Bh6 19.Be3 Bxe3 20.Qxe3 Qa5 21.f4 Qc5 22.Qxc5 Nxc5
23.Rd2 Kf8 24.Rcd1 Ke8 25.Kf2 a5 26.Kf3 a4 27.Nxa4 Nxa4 28.bxa4 Rb4 29.c5 Rxa4
30.cxd6 Ra3+ 31.Kg4 Rxd6 32.Kg5 Ra5+ 33.e5 f6+ 34.Kh6 Rxd2 35.Rxd2 Kf7 36.Re2 Kg8
37.g3 c5 38.e6 c4 39.g4 c3 40.Rc2 Rc5 41.h4 f5 42.g5 Rc4 43.h5 Rc6 44.hxg6 Rxe6
45.Rxc3 Rxg6+ 46.Kh5 Ra6 47.Rc5 Rxa2 48.Rxf5 Rh2+ 49.Kg4 Rg2+  1/2-1/2

[Event "Dortmund op-A"]
[Site "Dortmund"]
[Date "1993.??.??"]
[Round "4"]
[White "Dittmar, Peter"]
[Black "Wierzbicki, Jan Daniel"]
[Result "1-0"]
[WhiteElo "2290"]
[BlackElo "2055"]

1.e4 c5 2.Nf3 d6 3.Bb5+ Bd7 4.Bxd7+ Qxd7 5.O-O Nc6 6.c4 Nf6 7.Nc3 g6 8.d4 cxd4
9.Nxd4 Bg7 10.Re1 O-O 11.Bg5 Nxd4 12.Qxd4 Qg4 13.Qd2 Rac8 14.f3 Qe6 15.b3 Rfe8
16.Rac1 Qe5 17.Be3 Qa5 18.Qf2 Ng4 19.fxg4 Bxc3 20.Rf1 Rf8 21.Bxa7 Bg7 22.a4 Rc6
23.Bd4 Bxd4 24.Qxd4 Qc7 25.Rc3 Rc5 26.Rd3 b6 27.Qe3 h5 28.gxh5 Rxh5 29.Rd5 Rxd5
30.exd5 Qc5 31.Rf3 Kg7 32.h3 f5 33.Kh2 Qxe3 34.Rxe3 Kf7 35.Kg3 g5 36.Kf3 Rc8
37.Ke2 Rh8 38.Kd3 g4 39.hxg4 fxg4 40.Ke4 Rh2 41.Rg3  1-0

[Event "Dortmund op-A"]
[Site "Dortmund"]
[Date "1993.??.??"]
[Round "11"]
[White "Slobodjan, Roman"]
[Black "Blechzin, Igor"]
[Result "1-0"]
[WhiteElo "2440"]
[BlackElo "2355"]

1.e4 c5 2.Nf3 d6 3.Bb5+ Bd7 4.Bxd7+ Qxd7 5.O-O Nc6 6.d4 cxd4 7.Nxd4 Nf6 8.Re1 g6
9.c4 Nxd4 10.Qxd4 Bg7 11.Nc3 O-O 12.Bg5 Rfc8 13.Qd3 Ng4 14.Nd5 Ne5 15.Qb3 Nc6
16.Rac1 h6 17.Bd2 e6 18.Ne3 b5 19.Bc3 Nd4 20.Qd1 e5 21.cxb5 Qxb5 22.Nd5 Kh7
23.Bxd4 exd4 24.Nc7 Qxb2 25.Nxa8 Rxa8 26.Qe2 Rb8 27.Qa6 Rb6 28.Qc4 Rb4 29.Qd5 Ra4
30.Rc7 Qxa2 31.Qxd6 Qe2 32.Rcc1 Qd2 33.Qd5 Qf4 34.g3 Qf3 35.Rc7 d3 36.Rxf7 d2
37.Rf1 Qc3 38.Rd7 Rd4 39.Qxd4 Qxd4 40.Rxd4 Bxd4 41.Rb1 g5 42.Kf1 g4 43.Ke2 Kg6
44.Kxd2 Bxf2 45.Kd3 Bb6 46.Rf1 h5 47.e5 Bd8 48.Ke4 a5 49.Kd5  1-0

[Event "Drobeta"]
[Site "Drobeta"]
[Date "1993.??.??"]
[Round "?"]
[White "Hristodorescu, Daniel"]
[Black "Leustean, Laurentiu"]
[Result "1-0"]
[WhiteElo "2335"]
[BlackElo "2225"]

1.e4 c5 2.Nf3 d6 3.Bb5+ Bd7 4.a4 a6 5.Bxd7+ Nxd7 6.d4 cxd4 7.Qxd4 Ngf6 8.O-O Qc7
9.Nc3 e6 10.Bg5 Be7 11.Rad1 O-O 12.Bh4 Rfd8 13.Bg3 Nb6 14.Rd3 Qc6 15.Qb4 Kf8
16.Nd4 Qc7 17.Rfd1 Nc4 18.Qb3 Nh5 19.Nce2 Nxg3 20.hxg3 Ne5 21.Nf4 Qc4 22.Ndxe6+ fxe6
23.Nxe6+ Kf7 24.Nxd8+ Rxd8 25.f4 Qxb3 26.Rxb3 Nc4 27.Rxb7 Ke8 28.Kf2 Rd7
29.Rxd7 Kxd7 30.b3 Na5 31.g4 h6 32.Kf3 Kc7 33.e5 Nc6 34.Ke4 Kd7 35.c4 Kc7
36.Kf5 dxe5 37.fxe5 Bc5 38.Ke4 Ne7 39.Rf1 Kd7 40.Rf7 g6 41.Rh7 Ke6  1-0

[Event "BCF-ch"]
[Site "Dundee"]
[Date "1993.??.??"]
[Round "2"]
[White "Quillan, Gary"]
[Black "Ward, Christopher"]
[Result "0-1"]
[WhiteElo "2300"]
[BlackElo "2460"]

1.e4 c5 2.Nf3 d6 3.Bb5+ Bd7 4.Bxd7+ Qxd7 5.c4 Nc6 6.d4 cxd4 7.Nxd4 g6 8.Nc3 Bg7
9.Be3 Nf6 10.f3 O-O 11.O-O Rac8 12.b3 Rfd8 13.Qd2 e6 14.Rfd1 d5 15.exd5 exd5
16.c5 Re8 17.Rac1 Rcd8 18.Ncb5 Re7 19.Bg5 Rde8 20.Nxc6 bxc6 21.Nd4 Re5 22.b4 a6
23.a4 Ne4 24.fxe4 Rxe4 25.Qf2 Qg4 26.Nf3 Re2 27.Qg3 Qxb4 28.Bd2 Qxa4 29.Re1 Rxe1+
30.Rxe1 Rxe1+ 31.Qxe1 Qe4 32.Kf2 Bf8 33.Qxe4 dxe4 34.Ne5 Bxc5+ 35.Be3 Bd6
36.Nxc6 f5 37.g3 Kf7 38.Nd8+ Ke7 39.Nb7 Bb4 40.Ke2 a5 41.Kd1 Ke6 42.Kc2 Kd5
43.Kb3 Kc6 44.Nd8+ Kb5 45.Nf7 a4+ 46.Kc2 Bc5 47.Bc1 Kc4 48.Ng5 e3 49.Nf3 Bd4
50.Kd1 Bc5 51.Ke2 Kb3 52.Bxe3 Bxe3 53.Kxe3 a3 54.Kd3 a2 55.Nd4+ Kb2 56.Nc2 g5  0-1

[Event "Elenite"]
[Site "Elenite"]
[Date "1993.??.??"]
[Round "1"]
[White "Georgiev, Krum"]
[Black "Tukmakov, Vladimir B"]
[Result "1/2-1/2"]
[WhiteElo "2475"]
[BlackElo "2600"]

1.e4 c5 2.Nf3 d6 3.Bb5+ Bd7 4.Bxd7+ Nxd7 5.O-O Ngf6 6.Re1 e6 7.c4 Ne5 8.Nc3 Be7
9.d3 Nfd7 10.Be3 O-O 11.Qe2 Nxf3+ 12.Qxf3 Bf6 13.Rec1 a6 14.Rab1 Qa5 15.a3 b5
16.Qd1 b4 17.axb4 Qxb4 18.Ne2 Rab8 19.b3 Qb7 20.Bd2 Qc6 21.Bc3 Bxc3 22.Nxc3 Rb6
23.Rb2 Rfb8 24.Ra1 Qb7 25.Ra3 Ne5 26.h3 Nc6 27.Ne2 g6 28.d4 Rb4 29.d5 exd5
30.Qxd5 Ne5 31.Qxb7 R8xb7 32.Rxa6 Nxc4 33.Rc2 Nb6 34.e5 dxe5 35.Rxc5 Nd7
36.Rd5 Rxb3 37.Rad6 Nb6 38.Rxe5 Kg7 39.Rd1 Rb2 40.Ng3 Nd7 41.Re2 Nf6 42.Rxb2 Rxb2
43.Rd4 Rb1+ 44.Kh2 Re1 45.h4 h5 46.f3  1/2-1/2

[Event "Elenite"]
[Site "Elenite"]
[Date "1993.??.??"]
[Round "4"]
[White "Georgiev, Krum"]
[Black "Khenkin, Igor"]
[Result "1/2-1/2"]
[WhiteElo "2475"]
[BlackElo "2570"]

1.e4 c5 2.Nf3 d6 3.Bb5+ Bd7 4.Bxd7+ Nxd7 5.O-O Ngf6 6.Re1 e6 7.b3 Be7 8.Bb2 O-O
9.d4 cxd4 10.Nxd4 Nc5 11.Nd2 Rc8 12.N4f3 b5 13.Bd4 Qd7 14.Qe2 Rfd8 15.Rac1 Qb7
16.c4 a6 17.h3 h6 18.Ba1 Nfd7 19.Nf1  1/2-1/2

[Event "NLD-ch sf"]
[Site "Enschede"]
[Date "1993.??.??"]
[Round "2"]
[White "Ellenbroek, Ton"]
[Black "Bezemer, Arno"]
[Result "1/2-1/2"]
[WhiteElo "2210"]
[BlackElo "2215"]

1.e4 c5 2.Nf3 d6 3.Bb5+ Bd7 4.Bxd7+ Qxd7 5.O-O e6 6.c3 Nf6 7.Qe2 Nc6 8.d4 cxd4
9.cxd4 d5 10.e5 Ne4 11.Be3 f6 12.exf6 gxf6 13.Nc3 Nd6 14.Bf4 Kf7 15.Nh4 h5
16.Qd3 f5 17.Qe3 Rg8 18.Qf3 Rg4 19.g3 Be7 20.h3 Bxh4 21.hxg4 hxg4 22.Qh1 Bf6
23.Qh5+ Ke7 24.Bxd6+ Qxd6 25.Qh7+ Kf8 26.Nb5 Qe7 27.Qxe7+ Kxe7 28.Rfe1 Rc8
29.Rad1 Kd7 30.Kg2 Rh8 31.Rh1 Rxh1 32.Rxh1 a6 33.Rh7+ Be7 34.Nc3 Nxd4 35.Na4 Ke8
36.Rh8+ Kd7 37.Rh7 Kd6 38.Nb6 Nc6 39.Nc8+ Kd7 40.Nxe7 Nxe7 41.Kf1 Kd6 42.Ke2 b6
43.Rh8 Nc6 44.a3 a5 45.Kd3 b5 46.b3 d4 47.a4 bxa4 48.bxa4 Kd5 49.Rh7 Ne5+
50.Kc2 Nc4 51.Rd7+ Ke4 52.Rc7 Nb6 53.Rc6 Nxa4 54.Rxe6+ Kf3 55.Re5 Kxf2 56.Rxf5+ Kxg3
57.Rxa5 Nc3  1/2-1/2

[Event "ESP-chT"]
[Site "?"]
[Date "1993.??.??"]
[Round "?"]
[White "Perez Pardo, Juan Carlos"]
[Black "Rodriguez Talavera, Juan Carlos"]
[Result "1/2-1/2"]
[WhiteElo "2275"]
[BlackElo "2375"]

1.e4 c5 2.Nf3 d6 3.Bb5+ Bd7 4.Bxd7+ Qxd7 5.O-O e5 6.c3 Nf6 7.d4 Nc6 8.dxe5 dxe5
9.Qxd7+ Nxd7 10.Na3 f6 11.Rd1 O-O-O 12.Be3 Be7 13.Nc4 Nb6 14.Nxb6+ axb6 15.Rd5 Bd6
16.Rad1 Bc7 17.Kf1 Ne7 18.Rxd8+ Rxd8 19.Rxd8+ Kxd8 20.Nd2 Kd7 21.Ke2 Kc6
22.g3 Ng6 23.Kd3 Nf8 24.f3 Ne6 25.Nf1 b5 26.b3 Bb6 27.c4 Nd4 28.Bxd4 cxd4
29.cxb5+ Kxb5 30.Nd2 Bc7 31.Nc4 Kc5 32.a3 Kc6 33.Kc2 Bd6 34.b4 Bc7 35.Nb2 b5
36.Nd3 Bd6 37.Kd1 Kd7 38.Ke2 Ke6 39.h3 Bf8 40.Kd1 Bd6 41.Ke2 Kd7 42.Nc1 Bf8
43.Kd3 g6 44.Ne2 Bh6 45.Kc2 Kc6  1/2-1/2

[Event "ESP-chT"]
[Site "?"]
[Date "1993.??.??"]
[Round "?"]
[White "Fernandez Garcia, Jose L"]
[Black "Suba, Mihai"]
[Result "1/2-1/2"]
[WhiteElo "2445"]
[BlackElo "2500"]

1.e4 c5 2.Nf3 d6 3.Bb5+ Nd7 4.d4 Nf6 5.e5 cxd4 6.exf6 Qa5+ 7.Qd2 Qxb5 8.fxe7 Bxe7
9.Nxd4 Qe5+ 10.Qe3 O-O 11.Nf3 Qxe3+ 12.Bxe3 Ne5 13.Nbd2 Bf6 14.O-O-O Bf5
15.Nd4 Bg6 16.f3 Rfe8 17.Rhe1 Rac8 18.Ne4 Bh4 19.g3  1/2-1/2

[Event "ESP-chT"]
[Site "?"]
[Date "1993.??.??"]
[Round "?"]
[White "Fernandez Garcia, Jose L"]
[Black "Bernal Moro, Luis Javier"]
[Result "1/2-1/2"]
[WhiteElo "2445"]
[BlackElo "2385"]

1.e4 c5 2.Nf3 d6 3.Bb5+ Bd7 4.Bxd7+ Nxd7 5.O-O Ngf6 6.Qe2 e6 7.c3 Be7 8.d4 cxd4
9.cxd4 d5 10.e5 Ne4 11.Ne1 Qb6 12.Be3 f6 13.f3 Ng5 14.Nd3 O-O 15.Nc3 Nf7
16.f4 f5  1/2-1/2

[Event "Farum op"]
[Site "Farum"]
[Date "1993.??.??"]
[Round "1"]
[White "Hald, Jens Erik Kofoed"]
[Black "Tischbierek, Raj"]
[Result "1/2-1/2"]
[WhiteElo "2230"]
[BlackElo "2480"]

1.e4 c5 2.Nf3 d6 3.Bb5+ Bd7 4.Bxd7+ Nxd7 5.O-O Ngf6 6.Qe2 e6 7.c3 Be7 8.d4 O-O
9.e5 Nd5 10.c4 Nb4 11.exd6 Bxd6 12.Nc3 cxd4 13.Nxd4 Qc7 14.Ndb5 Bxh2+ 15.Kh1 Qe5
16.g3 a6 17.Na3 Bxg3 18.fxg3 Qxg3 19.Bf4 Qh3+ 20.Bh2 Nf6 21.Rg1 Rad8 22.Raf1 Qh6
23.Rg2 Kh8 24.Kg1 Rd4 25.Qe5 Rfd8 26.Bf4 Qh5 27.Rh2 Qg6+ 28.Rg2 Ng4 29.Qe2 f5
30.Re1 Rxf4 31.Qxe6 Qxe6 32.Rxe6 Rfd4 33.Rge2 h6 34.Rb6 R8d7 35.Re8+ Kh7
36.Rxb4  1/2-1/2

[Event "Farum op"]
[Site "Farum"]
[Date "1993.??.??"]
[Round "2"]
[White "Pedersen, H."]
[Black "Sher, Miron N"]
[Result "0-1"]
[WhiteElo "2245"]
[BlackElo "2535"]

1.e4 c5 2.Nf3 d6 3.Bb5+ Nc6 4.O-O Bd7 5.c3 Nf6 6.Re1 a6 7.Bxc6 Bxc6 8.d4 Bxe4
9.Bg5 Bd5 10.Nbd2 e6 11.c4 Bxf3 12.Qxf3 cxd4 13.Qxb7 Qc8 14.Qf3 Be7 15.Nb3 h6
16.Bh4 O-O 17.Rac1 Rb8 18.Nxd4 Rxb2 19.Nc6 Qb7 20.Qa3 Rb6 21.Nxe7+ Qxe7 22.c5 dxc5
23.Re5 Rc8 24.Bxf6 Qxf6 25.Rexc5 Rxc5 26.Qxc5 Rb2 27.a4 Qf4 28.a5 Rxf2 29.Qc8+ Kh7
30.Qxa6 Qd2  0-1

[Event "Farum op"]
[Site "Farum"]
[Date "1993.??.??"]
[Round "3"]
[White "Borge, Nikolaj"]
[Black "De Firmian, Nick E"]
[Result "1/2-1/2"]
[WhiteElo "2405"]
[BlackElo "2545"]

1.e4 c5 2.Nf3 d6 3.Bb5+ Bd7 4.Bxd7+ Nxd7 5.O-O Ngf6 6.Qe2 e6 7.c3 Be7 8.d4 O-O
9.e5 Nd5 10.c4 N5b6 11.dxc5 Nxc5 12.exd6 Qxd6 13.Rd1 Qc7 14.Nc3 Rad8 15.Be3 Nca4
16.Nxa4 Nxa4 17.Bd4 a6 18.b3 Nc5 19.Qb2 f6 20.b4 Nd7 21.Qb3 e5 22.Bb2 Rf7
23.Rd2 Nf8 24.Rad1 Rxd2 25.Nxd2 Qc6 26.Nf1 Ne6 27.Ne3 Bf8 28.a3 Rd7 29.Rd5 Nf4
30.b5 axb5 31.Rxd7 Qxd7 32.cxb5+ Qf7 33.Qc2 Qd7 34.a4 Kf7 35.g3 Nd3 36.Qc4+ Kg6
37.Bc3 f5 38.Nd5 e4 39.Bd4 f4 40.Bb6 Qf5 41.f3 Ne5 42.Qxe4 Qxe4 43.fxe4 fxg3
44.hxg3 Nc4 45.Bc7 Bc5+ 46.Kg2 b6 47.a5 Nxa5 48.Bxb6 Bxb6 49.Nxb6 Nb7 50.Nc4 Kf6
51.Kf3 Ke6 52.Kf4 Kf6 53.b6 Ke6 54.Kf3 Kf6 55.Ke3 Ke6 56.Kd4 h5 57.Nd2 Kd6
58.Nc4+ Ke6 59.e5 g5 60.Nd2 h4 61.g4 h3 62.Nf3 Kd7 63.Ke4 Kc6 64.Kf5 Kxb6
65.Kxg5 Kc6 66.Kf6 Nc5 67.g5 Kd5 68.g6 Ne6 69.Ke7 Ng7 70.Kf6 Ne6 71.Kf5 Ng7+
72.Kg4  1/2-1/2

[Event "FIN-chT"]
[Site "FIN"]
[Date "1993.??.??"]
[Round "?"]
[White "Koskinen, Henri"]
[Black "Maki, Veijo"]
[Result "1/2-1/2"]
[WhiteElo "2240"]
[BlackElo "2400"]

1.e4 c5 2.Nf3 d6 3.Bb5+ Bd7 4.Bxd7+ Nxd7 5.O-O Ngf6 6.Qe2 e6 7.c4 Ne5 8.b3 Be7
9.Bb2 Nxf3+ 10.Qxf3 O-O 11.Rd1 a6 12.d4 cxd4 13.Bxd4 Qc7 14.Nd2 b5 15.Qe2 Qb7
16.f3 Rac8 17.Rac1 Rfe8 18.Qf2 Nd7 19.Qg3 g6 20.Kh1 d5 21.exd5 exd5 22.Qf4 Qc6
23.Nf1 Bd6 24.Qh6 Bf8 25.Qg5 dxc4 26.Ne3 f6 27.Qh4 Qe6 28.bxc4 bxc4 29.Ng4 Bg7
30.Bc3 h5 31.Nf2 Nc5 32.h3 Na4 33.Ba1 f5 34.Bxg7 Kxg7 35.Qd4+ Kh6 36.h4 Qe5
37.Rxc4 Qxd4 38.Rcxd4 Nc3 39.R1d2 Ne2 40.Rd6 Ng3+ 41.Kh2 Nf1+ 42.Kh3 Nxd2
43.Rxd2 Rcd8 44.Rc2 Kg7 45.Kg3 Rd6 46.Nh3 Red8 47.Nf4 Kf6 48.Rc5 Rd4 49.Ra5 R8d6
50.Ra3 g5 51.hxg5+ Kxg5 52.Nh3+ Kf6 53.Ra5 h4+ 54.Kh2 Rd2 55.Ra3 Rb2 56.Ra4 Rdd2
57.Rxa6+ Ke5 58.Ra5+ Kf6 59.Ra6+ Ke7 60.Ra7+  1/2-1/2

[Event "Finkenstein op"]
[Site "Finkenstein"]
[Date "1993.??.??"]
[Round "4"]
[White "Hresc, Vladimir"]
[Black "Stillger, Bernhard"]
[Result "1-0"]
[WhiteElo "2385"]
[BlackElo "2210"]

1.e4 c5 2.Nf3 d6 3.Bb5+ Bd7 4.Bxd7+ Qxd7 5.O-O Nf6 6.Re1 Nc6 7.Nc3 e6 8.d4 cxd4
9.Nxd4 Be7 10.Bg5 h6 11.Be3 O-O 12.Qf3 a6 13.Rad1 b5 14.a3 Rac8 15.Bc1 Qb7
16.Qh3 Kh7 17.g4 Nxd4 18.Rxd4 a5 19.g5 Nd7 20.Re2 b4 21.axb4 axb4 22.Nd1 Bxg5
23.Bxg5 Qb5 24.Red2 Qxg5+ 25.Qg3 Ne5 26.Kg2 Nc4 27.Qxg5 hxg5 28.Re2 e5 29.Rd5 Rc5
30.Rd3 Rfc8 31.Kg3 R8c6 32.f3 f6 33.h4 gxh4+ 34.Kxh4 Kg6 35.Rg2+ Kf7 36.Rb3 Na5
37.Rxb4 Rxc2 38.Rxc2 Rxc2 39.Ne3 Rc7 40.Nf5 Ke6 41.Kh5 d5 42.Rb6+ Rc6 43.Rb5 dxe4
44.fxe4 Rc4 45.Nxg7+ Kd6 46.Nf5+ Kc6 47.Rxa5 Rxe4 48.Kg6 Re2 49.Ra2 Kb5 50.Ra8 Kc5
51.Rb8 Re4 52.Kxf6 Rb4 53.Rc8+ Kd5 54.Rc2 Ke4 55.Nd6+ Kd3 56.Rc3+ Kd2 57.Nc4+  1-0

[Event "FRA"]
[Site "FRA"]
[Date "1993.??.??"]
[Round "?"]
[White "David, Alberto"]
[Black "Spraggett, Kevin"]
[Result "1-0"]
[WhiteElo "2380"]
[BlackElo "2565"]

1.e4 c5 2.Nf3 d6 3.Bb5+ Nd7 4.O-O Nf6 5.Re1 a6 6.Bxd7+ Bxd7 7.c3 Bc6 8.d4 Bxe4
9.Bg5 Bc6 10.Bxf6 gxf6 11.d5 Bd7 12.Nh4 h5 13.Qf3 Bg7 14.Nd2 Kf8 15.h3 Qc7
16.Ne4 Re8 17.Ng3 Qb6 18.Re2 Qb5 19.Rae1 f5 20.Ngxf5 Bxf5 21.Qxf5 Bf6 22.Rxe7 Rxe7
23.Ng6+ Kg7 24.Nxe7 Re8 25.Re3 Rxe7 26.Rg3+ Kf8 27.Qxf6 Re1+ 28.Kh2 Qd7 29.Rg5  1-0

[Event "FRA"]
[Site "FRA"]
[Date "1993.??.??"]
[Round "?"]
[White "Fruteau, Sabine"]
[Black "Tagnon, Nicole"]
[Result "0-1"]
[WhiteElo "2185"]
[BlackElo "2070"]

1.e4 c5 2.Nf3 d6 3.Bb5+ Nc6 4.O-O Bd7 5.c3 Nf6 6.Re1 a6 7.Bf1 Bg4 8.d3 e6
9.Nbd2 Be7 10.h3 Bh5 11.g4 Bg6 12.Bg2 Nd7 13.Nf1 h5 14.gxh5 Bxh5 15.Ng3 Bg6
16.Nh2 Bh4 17.Qd2 Kf8 18.Qe3 Nf6 19.Rf1 Nh5 20.Ne2 Qd7 21.f4 Re8 22.Nf3 Bd8
23.Qf2 Kg8 24.Be3 c4 25.dxc4 Bxe4 26.Rad1 Qe7 27.Ng3 Nxg3 28.Qxg3 Bc7 29.Nd4 Bxg2
30.Qxg2 Qh4 31.Nxc6 bxc6 32.Rf3 d5 33.Rg3 Rh7 34.Rf1 e5 35.cxd5 exf4 36.Bxf4 Bxf4
37.Rg4 Be3+ 38.Kh2 Qh6 39.dxc6 Rc8 40.Re1 Qd6+ 41.Kh1 Bc5 42.b4 Bb6 43.Rge4 Rh6
44.a3 Qd3 45.h4 Rcxc6 46.Qg4 Rcg6 47.Qf5 Qg3  0-1

[Event "Arnold Cup"]
[Site "Gausdal"]
[Date "1993.??.??"]
[Round "3"]
[White "Laine, Panu"]
[Black "Ward, Christopher"]
[Result "0-1"]
[WhiteElo "2220"]
[BlackElo "2430"]

1.e4 c5 2.Nf3 d6 3.Bb5+ Bd7 4.Bxd7+ Qxd7 5.O-O Nc6 6.c3 Nf6 7.Re1 e6 8.d4 cxd4
9.cxd4 d5 10.e5 Ng8 11.a3 Nge7 12.b4 Nc8 13.Qd3 Nb6 14.Nbd2 a6 15.Bb2 Be7
16.Rac1 O-O 17.Rc2 Rfc8 18.Nb3 Nc4 19.Nc5 Qc7 20.Rec1 a5 21.Qb3 axb4 22.axb4 Qb6
23.Bc3 Ra3 24.Qb1 Rca8 25.Nd2 Rxc3 26.Rxc3 Nxd2 27.Qc2 Nc4 28.Rh3 g6 29.Qd1 Qxb4
30.Qg4 Qd2 31.Nb3 Qg5  0-1

[Event "Troll Masters"]
[Site "Gausdal"]
[Date "1993.??.??"]
[Round "4"]
[White "Kristensen, Bjarke"]
[Black "Pyhala, Antti"]
[Result "1-0"]
[WhiteElo "2445"]
[BlackElo "2380"]

1.e4 c5 2.Nf3 d6 3.Bb5+ Nc6 4.O-O Bg4 5.h3 Bh5 6.c3 Qb6 7.Na3 g5 8.d4 O-O-O
9.Bxg5 Nf6 10.Bxc6 Qxc6 11.d5 Qe8 12.Bxf6 exf6 13.Qd3 Bg6 14.Rae1 Qe7 15.Nh4 Re8
16.Nc4 Bh6 17.Qg3 Kc7 18.Nf5 Bxf5 19.exf5 Qd7 20.Qh4 Bg5 21.Qh5 b5 22.Na5 Rxe1
23.Rxe1 Re8 24.Rf1 Re4 25.Nc6 Kb6 26.g3 Qe8 27.h4 Bd2 28.a4 Rxa4 29.Qd1 Bf4
30.b3 Ra2 31.Re1 Qg8 32.Qf3 Be5 33.b4 c4 34.Re2 Ra1+ 35.Kg2 Qc8 36.Qe4 Qa6
37.f4 Qa4 38.fxe5 fxe5 39.Qe3+ Kc7 40.Qg5  1-0